LEADER 01718nam 2200409 n 450 001 996390780103316 005 20200818225218.0 035 $a(CKB)4940000000105615 035 $a(EEBO)2240879953 035 $a(UnM)99855824e 035 $a(UnM)99855824 035 $a(EXLCZ)994940000000105615 100 $a19920910d1626 uy | 101 0 $aeng 135 $aurbn||||a|bb| 200 10$aThree to one$b[electronic resource] $ebeing, an English-Spanish combat, performed by a westerne gentleman, of Tauystoke in Deuon shire with an English quarter-staffe, against three Spanish rapiers and poniards, at Sherries in Spaine, the fifteene day of Nouember, 1625. In the presence of dukes, condes, marquesses, and other great dons of Spaine, being the counsell of warre. The author of this booke, and actor in this encounter, Richard Peeeke [sic] 210 $aLondon $cPrinted [by Augustine Mathewes] for I[ohn] T[rundle]$d1626 215 $a[36] p 300 $aWith a title-page woodcut. 300 $aPrinter's and publisher's names from STC. 300 $a"Certaine verses, vvritten by a friend, in comendations of the author Richard Peeke", E2-3. 300 $aThis edition has signatures: A-E? (-A1, E4). 300 $aReproduction of the original in the Henry E. Huntington Library and Art Gallery. 300 $aImprint cropped. 330 $aeebo-0113 606 $aSwordplay$vEarly works to 1800 615 0$aSwordplay 700 $aPike$b Richard$ffl. 1625.$01004307 801 0$bCu-RivES 801 1$bCu-RivES 801 2$bUk-ES 801 2$bCStRLIN 801 2$bWaOLN 906 $aBOOK 912 $a996390780103316 996 $aThree to one$92306866 997 $aUNISA LEADER 01934nam 2200337 n 450 001 996393337103316 005 20200818230421.0 035 $a(CKB)4940000000111492 035 $a(EEBO)2240932304 035 $a(UnM)99868902e 035 $a(UnM)99868902 035 $a(EXLCZ)994940000000111492 100 $a19940708d1644 uy | 101 0 $aeng 135 $aurbn||||a|bb| 200 14$aThe falsities and forgeries of the anonymous author of a late pamphlet, (supposed to be printed at Oxford but in truth at London) 1644. intituled The fallacies of Mr. William Prynne, discovered and confuted$b[electronic resource] $ein a short view of his books intituled; The soveraignty of parliaments, The opening of the great seale. &c. Wherein the calumnies, and forgeries of this unknowne author in charging Mr. Prynne with false quotations, calumniating falshoods, wresting of the scriptures, points of popery, grosse absurdityes, meere contradictions hainous treasons & plain betraying of the cause, (not one of which is in the least degree made good by the calumniator) are succinctly answered, refuted. /$fBy William Prynne of Lincolnes Inne, Esquire 210 $aPrinted at London, $cfor Michael Sparke, Senior.$d1644 215 $a[2], 5, [1] p 300 $aAnnotation on Thomason copy: "Aprill 10th". 300 $aReproduction of the original in the British Library. 330 $aeebo-0018 607 $aGreat Britain$xPolitics and government$y1642-1649$vEarly works to 1800 700 $aPrynne$b William$f1600-1669.$0198500 801 0$bCu-RivES 801 1$bCu-RivES 801 2$bCStRLIN 801 2$bWaOLN 906 $aBOOK 912 $a996393337103316 996 $aThe falsities and forgeries of the anonymous author of a late pamphlet, (supposed to be printed at Oxford but in truth at London) 1644. intituled The fallacies of Mr. William Prynne, discovered and confuted$92333110 997 $aUNISA